Vždy na prospech športu 25 rokov týždenníka Štart

Bibliographic Details
Main Authors: Mazág, Jozef (Author), Kšiňan, Jozef, 1927- (Author)
Format: Article
Language:Slovak
Subjects:

MARC

LEADER 00000nab a2200000 a 4500
001 vtls000081399
003 SK-MaSNL
005 20260303031800.0
008 111103c1981 xo 0 slo
015 |a SNBRB19rr/mm-uuuuu 
035 |a CL0091501 
040 |a SNKBUCL  |b slo  |c SNKBUCL  |e AACR2 
041 0 |a slo 
044 |a xo  |c SK 
080 |a 79  |2 1981 
080 |a 05  |2 1981 
100 1 |a Mazág, Jozef  |4 aut  |9 269243 
245 1 0 |a Vždy na prospech športu  |b 25 rokov týždenníka Štart  |c Jozef Mazág, Jozef Kšiňan 
650 0 7 |a Štart (časopis)  |2 snkbucl  |9 1014162 
655 7 |a články z novín a časopisov  |2 snkbucl  |9 267496 
700 1 |a Kšiňan, Jozef,  |d 1927-  |4 aut  |9 196276 
773 0 |t Šport  |g Roč. 33, č. 12 (15. 1. 1981), s. 1 a 6 
850 |a Slovenská národná knižnica v Martine  |a MTA001 
852 |a SNK  |b KIS3GCP 
958 |a RK 
992 |a RBX 
999 |c 1660190  |d 1662120